MAGNETIC SENSOR ARRAY FOR INVESTIGATIONS OF MAGNETIC FIELD DISTRIBUTION

Bibliographic Details
Main Authors: Baranowski, Slawomir (Author), Tumanski, Slawomir (Author)
Format: Article
Language:Slovak
English

MARC

LEADER 00000nab a2200000ua 4500
001 vtls010750860
003 SK-MaSNL
005 20260304203037.0
008 250718s2006 xo |||||||||||||||||slo|
035 |a (urnnbn)urn:nbn:sk:snk:ar-a03r6i 
035 |a (uuid)45508960-a3e0-415c-8f13-00d6c9ff0849 
035 |a urn:nbn:sk:snk-ab5e5r 
040 |a SNKBUCL  |b slo  |c SNKBUCL  |e AACR2 
041 0 |a eng 
044 |a xo  |c SK 
100 1 |a Baranowski, Slawomir  |4 aut  |9 1535456 
245 1 0 |a MAGNETIC SENSOR ARRAY FOR INVESTIGATIONS OF MAGNETIC FIELD DISTRIBUTION  |c Slawomir Baranowski, Slawomir Tumanski 
700 1 |a Tumanski, Slawomir  |4 aut  |9 1535457 
773 0 |t Journal of electrical engineering  |g Roč. 57, č. 8 (2006), s. [185]-188 
850 |a Slovenská národná knižnica 
852 |a Slovenská národná knižnica 
958 |a article3 
958 |a OND 
958 |a EUIPO 
999 |c 3107203  |d 3109133